000
00299nam a2200121Ia 4500
008
220217s9999||||xx |||||||||||||| ||und||
082
_a
894.814 3 BAI
100
_a
Bairappa, S.L
245
0
_a
Mandra
260
_a
Sahithya bandara
_b
Bangalore
_c
2002
300
_b
275
650
_a
GENERAL BOOKS
999
_c
172405
_d
172405